<?xml version="1.0" encoding="UTF-8"?>
<marc:record xmlns:marc="http://www.loc.gov/MARC21/slim">
   <marc:leader>00000nam a2200000 a 4500</marc:leader>
   <marc:datafield ind1="1" ind2=" " tag="100">
      <marc:subfield code="a">Doyle, Arthur Conan</marc:subfield>
      <marc:subfield code="4">aut</marc:subfield>
      <marc:subfield code="e">Verfasser/-in</marc:subfield>
   </marc:datafield>
   <marc:datafield ind1="1" ind2=" " tag="100">
      <marc:subfield code="a">Gutschmidt, Richard</marc:subfield>
   </marc:datafield>
   <marc:datafield ind1="1" ind2=" " tag="100">
      <marc:subfield code="a">Eisenhofer, Hannelore</marc:subfield>
      <marc:subfield code="4">trl</marc:subfield>
      <marc:subfield code="e">Übersetzer/-in</marc:subfield>
   </marc:datafield>
   <marc:datafield ind1="0" ind2="0" tag="245">
      <marc:subfield code="a">Eine Stunde in Scharlachrot</marc:subfield>
   </marc:datafield>
   <marc:datafield ind1="0" ind2="0" tag="245">
      <marc:subfield code="c">Arthur Conan Doyle. Hannelore Eisenhofer. Richard Gutschmidt</marc:subfield>
   </marc:datafield>
   <marc:datafield ind1=" " ind2="1" tag="264">
      <marc:subfield code="a">Hamburg</marc:subfield>
      <marc:subfield code="b">Nikol</marc:subfield>
      <marc:subfield code="c">2023</marc:subfield>
   </marc:datafield>
   <marc:datafield ind1=" " ind2=" " tag="250">
      <marc:subfield code="a">2. Aufl.</marc:subfield>
   </marc:datafield>
   <marc:datafield ind1="1" ind2=" " tag="520">
      <marc:subfield code="a">Ein Kriminalroman von Sir Arthur Conan Doyle und der erste Auftritt seines Detektivs Sherlock Holmes. Arthur Conan Doyle schrieb die "Studie in Scharlachrot" im Alter von 27 Jahren. Er praktizierte damals noch als Arzt in Southsea in der Nähe von Plymouth, hatte aber schon einige Geschichten an Zeitschriften verkauft. Die "Studie" wurde mehrfach abgelehnt, bevor er 1886 mit Ward, Lock &amp; Co. einen Verlag fand. Seine Verleger wiesen ihn aber darauf hin, dass der Markt mit billiger Prosa überschwemmt und eine baldige Veröffentlichung nicht zu erwarten sei. Doyle verkaufte die Rechte für £25, eine vergleichsweise geringe Summe.Der Roman erschien erstmals im November 1887  Bis Weihnachten war es ausverkauft.</marc:subfield>
   </marc:datafield>
   <marc:datafield ind1=" " ind2=" " tag="020">
      <marc:subfield code="a">9783868206272</marc:subfield>
      <marc:subfield code="9">9783868206272</marc:subfield>
   </marc:datafield>
   <marc:datafield ind1=" " ind2=" " tag="041">
      <marc:subfield code="a">ger</marc:subfield>
   </marc:datafield>
   <marc:datafield ind1=" " ind2=" " tag="300">
      <marc:subfield code="a">200 S.</marc:subfield>
   </marc:datafield>
</marc:record>
